000 01773nam a2200397Ia 4500
001 ebr10383975
003 CaPaEBR
006 m u
007 cr cn|||||||||
008 091216s2010 pau sb 101 0 eng d
010 _z 2009050676
020 _z9789027206725 (hb : alk. paper)
020 _z9789027288424 (eb : alk. paper)
040 _aCaPaEBR
_cCaPaEBR
035 _a(OCoLC)649903433
050 1 4 _aPL8008
_b.I65 2005eb
082 0 4 _a496
_222
111 2 _aInternational Conference on Focus in African Languages
_d(2005 :
_cBerlin, Germany)
245 1 4 _aThe expression of information structure
_h[electronic resource] :
_ba documentation of its diversity across Africa /
_cedited by Ines Fiedler, Anne Schwarz.
260 _aPhiladelphia :
_bJohn Benjamins,
_c2010.
300 _axii, 383 p.
490 1 _aTypological studies in language ;
_v91
500 _aPapers presented at the International Conference on Focus in African Languages, held October 6-8, Berlin, Germany.
504 _aIncludes bibliographical references and index.
533 _aElectronic reproduction.
_bPalo Alto, Calif. :
_cebrary,
_d2011.
_nAvailable via World Wide Web.
_nAccess may be limited to ebrary affiliated libraries.
650 0 _aAfrican languages
_xGrammar, Comparative
_vCongresses.
650 0 _aFocus (Linguistics)
_vCongresses.
650 0 _aTypology (Linguistics)
_vCongresses.
650 0 _aIntonation (Phonetics)
_vCongresses.
655 7 _aElectronic books.
_2local
700 1 _aFiedler, Ines.
700 1 _aSchwarz, Anne.
710 2 _aebrary, Inc.
830 0 _aTypological studies in language ;
_v91.
856 4 0 _uhttp://site.ebrary.com/lib/rucke/Doc?id=10383975
_zAn electronic book accessible through the World Wide Web; click to view
999 _c100075
_d100075